Latein Vokabeln-Anfänger (Cursus Lek. 1) - Statistiken

Allgemein
  • Dieses Quiz wurde 304 mal gespielt
  • Das Durchschnittsergebnis liegt bei 9 aus 15
Antwortstatistiken
Vokabel Übersetzung % Korrekt
Et Und
94%
Villa Landhaus/Haus
90%
Porta Tor/Tür
85%
Venire Kommen
78%
Esse Sein
78%
Silentium Ruhe
74%
Silentio Der Stille/Der Ruhe
63%
Portas Die Tore/Die Türen
63%
Amicae (Pl.) Die Freundinnen
62%
Venio Ich komme
56%
Tacere Schweigen
44%
Cogito Ich denke
41%
Exspectare Warten
30%
Valde Sehr
24%
Properare Eilen
23%
Keine übereinstimmenden Quizze gefunden
Verteilung der Resultate
Anzahl Personen mit jedem Resultat
Perzentil nach korrekt beantworteten Fragen
Ihre Resultats-Entwicklung
Sie haben dieses Quiz noch nicht gespielt